000 00843nam a22001937a 4500
999 _c18588
_d18588
003 AR-CdUCM
008 190514b ||||| |||| 00| 0 spa d
040 _aMUNICIPALIDAD PROVINCIAL DEL CUSCO
_cBIBLIOTECA MUNICIPAL DEL CUSCO
082 _a375.28 /
_bR28
100 _aRavera, Alfredo.
_939259
245 _aApreciación de los resultados de la acción educativa /
260 _aArgentina :
_bKapelsz,
_c1959.
300 _a180 páginas ;
_c21 cm.
440 _aBiblioteca de cultura pedagógica.
_936606
505 _aContenido : Qué debe entenderse por valoración en la enseñanza primaria -- Razones del control del trabajo escolar -- Sentido y contenido de la orientación y valoración docentes -- Orientación y valoración en la edad preescolar ...
650 _aValores.
_95705
942 _2ddc
_cLIBROS
945 _arum
_d2019-05-14